000 00495nam a2200181Ia 4500
005 20250923144408.0
008 008 250917s9999 xx 000 0 eng d
037 _aTextual
040 _aDSWL
_beng
_cDSWL
041 _aeng
_2eng
084 _aY1:45:6z7, G6
_qDSWL
245 0 _aPreventing crime
_cby Sheldon
260 _aNew York
_b MacGraw-Hill
_c1936
300 _a509 p.
700 _aE.L Glueck
_9824451
942 _cTEXL
_hY1:45:6z7, G6
999 _c1438317
_d1438317